[Event "Crete Poa op"]
[Site "Crete"]
[Date "2012.04.29"]
[Round "7"]
[White "Katalagarianaki, Eleni"]
[Black "Mathioulaki, Ioanna"]
[Result "0-1"]
[WhiteElo "1005"]
[BlackElo "1385"]
[PlyCount "136"]
[EventDate "2012.04.26"]
[EventType "swiss"]
[EventRounds "7"]
[EventCountry "GRE"]
[SourceTitle "EXT 2024"]
[Source "ChessBase"]
[SourceDate "2023.10.10"]
[SourceVersion "1"]
[SourceVersionDate "2023.10.10"]
[SourceQuality "1"]

1. e4 e5 2. Nf3 Nc6 3. Bc4 Nf6 4. Nc3 Bc5 5. 0-0 0-0 6. d3 d6 7. h3 h6 8. Re1 Be6 9. Bxe6 fxe6 10. Be3 Bb4 11. a3 Ba5 12. b4 Bb6 13. d4 exd4 14. Bxd4 Nxd4 15. Nxd4 Qe8 16. a4 e5 17. Nf3 a6 18. Kh1 Bxf2 19. Re2 Ba7 20. Rb1 Qg6 21. Kh2 Nh5 22. Kh1 Ng3+ 23. Kh2 Nxe2 24. Qxe2 Rf7 25. Rf1 Raf8 26. a5 Qf6 27. b5 Qf4+ 28. Kh1 Qe3 29. Qxe3 Bxe3 30. bxa6 bxa6 31. Nd5 Bc5 32. c3 c6 33. Nb4 Bxb4 34. cxb4 Rb7 35. Rd1 Rd8 36. Rb1 c5 37. Nd2 Rxb4 38. Rxb4 cxb4 39. Kg1 Rb8 40. Kf1 b3 41. Nxb3 Rxb3 42. Ke1 Ra3 43. Kd2 Rxa5 44. Kc2 Rb5 45. Kc3 a5 46. Kc4 Rb1 47. Kc3 a4 48. Kc2 Rb8 49. g4 a3 50. Kd3 a2 51. h4 a1Q 52. Ke3 Rb3+ 53. Kd2 Qa2+ 54. Kc1 Qc2+ 55. Kxc2 Re3 56. Kd2 Rxe4 57. Kd3 Rxg4 58. h5 Rg5 59. Ke4 Rxh5 60. Kd5 g5 61. Kxd6 g4 62. Kd5 g3 63. Ke4 g2 64. Kd5 g1Q 65. Ke6 Qb6+ 66. Ke7 Rg5 67. Kd7 Rg7+ 68. Kc8 Qc7# 0-1

[Event "Crete Poa op"]
[Site "Crete"]
[Date "2012.04.29"]
[Round "6"]
[White "Katalagarianaki, Eleni"]
[Black "Petraki, Evaggelia"]
[Result "0-1"]
[WhiteElo "1005"]
[BlackElo "1055"]
[PlyCount "62"]
[EventDate "2012.04.26"]
[EventType "swiss"]
[EventRounds "7"]
[EventCountry "GRE"]
[SourceTitle "EXT 2024"]
[Source "ChessBase"]
[SourceDate "2023.10.10"]
[SourceVersion "1"]
[SourceVersionDate "2023.10.10"]
[SourceQuality "1"]

1. e4 e5 2. Nf3 Nf6 3. Nc3 Bb4 4. Nxe5 0-0 5. Bd3 Re8 6. Nf3 d5 7. Qe2 Bxc3 8. e5 Ba5 9. 0-0 Nc6 10. b3 Bg4 11. Bb2 d4 12. Rfe1 Nxe5 13. Bxd4 Nxf3+ 14. gxf3 Rxe2 15. Bxe2 Qxd4 16. fxg4 Nxg4 17. Bxg4 Qxg4+ 18. Kf1 Qh3+ 19. Kg1 Bb6 20. Re2 Rd8 21. Rae1 Kf8 22. b4 Qg4+ 23. Kf1 Qxb4 24. c3 Qc4 25. Kg1 Qxa2 26. d4 Qc4 27. f3 Qxc3 28. f4 Qxd4+ 29. Kg2 Qxf4 30. Re4 Rd2+ 31. Kh1 Qf3# 0-1